000 00643nam a2200229Ia 4500
003 OSt
005 20220918215900.0
006 a|||||r|||| 00| 0
007 ta
008 220917b |||||||| |||| 00| 0 eng d
024 _a143,182
037 _cTextual
040 _aARTS
_cARTS
_beng
041 _2eng
_aeng
082 _aY15:47.3.M50<-M15, L3
100 _aHollis Patricia Ed
_9106396
245 0 _aClass and conflict in nineteenth century England 1815-1850
260 _aNA
_bNA
_c1973
650 _aSOCIOLOGY
942 _hY15:47.3.M50<-M15, L3
_cTEXL
_2CC
999 _c266135
_d266135